Nghiên cứu chế tạo sợi nano chitosan/ZnO bằng phương pháp electrospinning : Luận văn tốt nghiệp Cao học. Chuyên ngành Hóa hữu cơ
Khảo sát các yếu tố ảnh hưởng: Hàm lượng chitosan/Zn(NO3)2, hiệu điện thế, lưu lượng dòng dung dịch polymer, nồng độ dung môi. Sợi 2 chitosan/Zn(NO3)2 được chiếu chùm vi sóng với các năng suất lò vi sóng khác nhau để nhiệt phân sợi chitosan/Zn...
שמור ב:
| מחבר ראשי: | |
|---|---|
| פורמט: | ספר |
| שפה: | Undetermined |
| יצא לאור: |
Cần Thơ
Trường Đại học Cần Thơ
2018
|
| נושאים: | |
| תגים: |
הוספת תג
אין תגיות, היה/י הראשונ/ה לתייג את הרשומה!
|
| Thư viện lưu trữ: | Trung tâm Học liệu Trường Đại học Cần Thơ |
|---|
| LEADER | 01487nam a2200229Ia 4500 | ||
|---|---|---|---|
| 001 | CTU_228891 | ||
| 008 | 210402s9999 xx 000 0 und d | ||
| 082 | |a 547.2 | ||
| 082 | |b M107 | ||
| 088 | |a 8440114 | ||
| 100 | |a Lê, Văn Mạnh | ||
| 245 | 0 | |a Nghiên cứu chế tạo sợi nano chitosan/ZnO bằng phương pháp electrospinning : | |
| 245 | 0 | |b Luận văn tốt nghiệp Cao học. Chuyên ngành Hóa hữu cơ | |
| 245 | 0 | |c Lê Văn Mạnh ; Đoàn Văn Hồng Thiện (Cán bộ hướng dẫn) | |
| 260 | |a Cần Thơ | ||
| 260 | |b Trường Đại học Cần Thơ | ||
| 260 | |c 2018 | ||
| 520 | |a Khảo sát các yếu tố ảnh hưởng: Hàm lượng chitosan/Zn(NO3)2, hiệu điện thế, lưu lượng dòng dung dịch polymer, nồng độ dung môi. Sợi 2 chitosan/Zn(NO3)2 được chiếu chùm vi sóng với các năng suất lò vi sóng khác nhau để nhiệt phân sợi chitosan/Zn(NO3)2 thành sợi nano chitosan/ZnO. Phân tích đặc tính sợi chitosan/Zn(NO3)2 và sợi nano chitosan/ZnO. Các phương pháp phân tích hiện đại được sử dụng gồm: SEM, IR, XRD và TGA được sử dụng. | ||
| 650 | |a Organic compounds,Hợp chất hữu cơ | ||
| 650 | |x Synthesis,Tổng hợp | ||
| 910 | |b nthai | ||
| 980 | |a Trung tâm Học liệu Trường Đại học Cần Thơ | ||